Normal view MARC view

Entry Topical Term

Number of records used in: 1

001 - CONTROL NUMBER

  • control field: 856491

003 - CONTROL NUMBER IDENTIFIER

  • control field: OSt

005 - DATE AND TIME OF LATEST TRANSACTION

  • control field: 20251215101003.0

008 - FIXED-LENGTH DATA ELEMENTS

  • fixed length control field: 251215|| aca||aabn | a|a d

040 ## - CATALOGING SOURCE

  • Original cataloging agency: OSt
  • Transcribing agency: OSt

150 ## - HEADING--TOPICAL TERM

  • Topical term or geographic name entry element: Botany

670 ## - SOURCE DATA FOUND

  • Source citation: Work cat.: (OSt)1238157: Nelson, David L 393536, Lehninger principles of biochemistry, 2021
Copyright @ Delhi University Library System